| 000 | 00724nam a2200229Ia 4500 | ||
|---|---|---|---|
| 001 | 21769 | ||
| 005 | 20260407140445.0 | ||
| 008 | 260320s9999||||xx |||||||||||||| ||und|| | ||
| 020 | _a9786120000939 | ||
| 041 | _aESP | ||
| 082 |
_a610.985 _bM86 |
||
| 100 |
_aMorales Landeo, Edgar, _eAUT |
||
| 245 | 0 | _aCronología médica | |
| 250 | _aPrimera edición | ||
| 260 |
_aLima : _bEdiciones Morlan 6, _c2009 |
||
| 300 |
_a342 páginas : _bilustraciones ; _c21 cm. |
||
| 650 | _aTCA | ||
| 653 | _aMedicina; Tecnología de los servicios médicos | ||
| 654 | _aCCS | ||
| 856 |
_uhttps://accessmedicina-mhmedical-com.ucsp.lookproxy.com/ _zVéase además: Base de datos McGraw Hill Access Medicina |
||
| 942 |
_cLIB _dJUS _fMIP _2ddc |
||
| 999 |
_c21769 _d21769 |
||